El caballo de troya en los hielos continentales [recorte] /

Guardado en:
Autor Principal: Kolliker Frers Alberto
Formato: Libro
Publicado: Bah¡a Blanca : La Nueva Provincia, 1998
Materias:
Fc
Etiquetas: Agregar Etiqueta
Sin Etiquetas, Sea el primero en etiquetar este registro!
LEADER 00573nam a22001935a 4500
001 CEM.cems010148
005 20060214000000.0
008 130507s1998##################000#0#####d
003 CEMS
082 0 4 |a F320.1 
100 1 |a Kolliker Frers Alberto 
245 1 0 |a El caballo de troya en los hielos continentales [recorte] / 
260 |a Bah¡a Blanca :  |b La Nueva Provincia,  |c 1998 
300 |a 1 p. 
653 |a Argentina-limites 
653 |a Fc 
653 |a Geopolitica 
653 |a Hielos continentales patagonic 
859 |a CEMS  |b BIB. CEMS - 11 de abril  |h F320.1  |i 10-1  |p 1611.44  |t Ej.1